| 000 -LEADER |
| fixed length control field |
00364nam a22001457a 4500 |
| 008 - FIXED-LENGTH DATA ELEMENTS--GENERAL INFORMATION |
| fixed length control field |
150520b xxu||||| |||| 00| 0 eng d |
| 020 ## - INTERNATIONAL STANDARD BOOK NUMBER |
| International Standard Book Number |
0131823744 |
| 041 0# - LANGUAGE CODE |
| Language code of text/sound track or separate title |
eng |
| 080 ## - UNIVERSAL DECIMAL CLASSIFICATION NUMBER |
| Universal Decimal Classification number |
7.017 |
| 100 1# - Rafti |
| Rafti |
Wood, Nancy V. |
| 245 00 - TITLE STATEMENT |
| Title |
Perspectives on argument / |
| Statement of responsibility, etc |
Nancy V. Wood. |
| 300 ## - |
| -- |
720 f |
| -- |
me il |
| -- |
23 cm. |
| 650 #0 - |
| -- |
Gjuha angleze |
| -- |
Retorike |
| 942 ## - ADDED ENTRY ELEMENTS (KOHA) |
| Source of classification or shelving scheme |
|
| Item type |
Books |